Figuras de la historia (Registro nro. 182982)

Detalles MARC
000 -ENCABEZADO
Número de control [NR] 00805 a2200229 4500
005 - FECHA Y HORA DE LA ÚLTIMA TRANSACCIÓN
control field 20140903175000.0
008 - DE LONGITUD FIJA DE DATOS DE ELEMENTOS - INFORMACIÓN GENERAL
Elementos de longitud fija [NR] 131212s2013 ag ||||fr|||| 000 0dspa d
020 ## - NUMERO INTERNACIONAL NORMALIZADO PARA LIBROS [R]
Número Internacional Normalizado del libro [NR] 9789871673872
040 ## - FUENTE DE CATALOGACION [NR]
Agencia de catalogación original [NR] CO-BoUCM
Idioma de catalogación [NR] spa
Quien Cataloga Jose A. Gerena
Quien Clasifica Diana Londoño
041 00 - CODIGO DE IDIOMA [R]
Código de idioma para texto/pista de sonido o título separado [R] Español
100 1# - ASIENTO PRINCIPAL--NOMBRE PERSONAL [NR]
Nombre personal [NR] Rancière, Jacques
ID Autoridad 52864
245 10 - MENCION DE TITULO [NR]
Título [NR] Figuras de la historia
Mención de responsabilidad, etc. [NR] Jacques Rancière , traducción de Cecilia González
260 ## - PUBLICACION, DISTRIBUCION, ETC. (PIE DE IMPRENTA) [R]
Nombre del editor, distribuidor, etc. [R] Eterna Cadencia
Lugar de publicación, distribución, etc. [R] Buenos Aires (Argentina)
Fecha de publicación, distribución, etc. [R] 2013
300 ## - DESCRIPCION FISICA [R]
Extensión [R] 85 páginas
650 #7 - ASIENTO SECUNDARIO DE MATERIA - TERMINO TEMATICO [R]
Término temático o nombre geográfico como elemento de entrada [NR] Arte
Subdivisión de forma [R] Ensayos, conferencias, etc.
Subdivisión general [R] Historia
9 (RLIN) 53302
650 #7 - ASIENTO SECUNDARIO DE MATERIA - TERMINO TEMATICO [R]
Término temático o nombre geográfico como elemento de entrada [NR] Ensayo filosófico
9 (RLIN) 53303
690 ## - ASUNTO AGREGADO LOCAL DE ENTRADA - TÉRMINO TEMÁTICO (OCLC, RLIN)
9 (RLIN) 42814
Acceso temático local Filosofía
700 1# - ASIENTO SECUNDARIO - NOMBRE PERSONAL [R]
Nombre personal [NR] González, Cecilia
Término de relación [R] traductor
9 (RLIN) 52865
765 ## - ASIENTO DE IDIOMA ORIGINAL [R]
Título [NR] Figures de l´histoire
942 ## - ELEMENTOS DE ENTRADA AGREGADOS (KOHA)
Tema principal Filosofía
Tipo de ítem principal el descrito en 300a Libro
Edición 1
Parte restante de la signatura top. R185f
Sistema de clasificación DEWEY
Clasificación 190
Existencias
Fecha de último préstamo Total préstamos Total Renewals Signatura topográfica Código de barras Última vez visto Ejemplar Costo de reposición Price effective from Tipo de ítem Perdido Sistema de clasificación Dañado No prestable Tipo de ítem específico Suprimido Ubicación habitual Ubicación actual Localización Fecha de creación Proveedor Forma de adquisición Costo
15/11/2018 1 1 190 R185f 100139285 05/12/2025 Ej.1 61635.00 21/11/2013 Libro   DEWEY     Libro   Claustro Claustro 2do piso 21/11/2013 37 Compra 61635.00